000 00555nam a22001697a 4500
005 20251108171901.0
008 250721s1988 xx 000 0 ara d
082 1 4 _a133.9/محم
100 1 _aحسين، محمد محمد
245 1 0 _aالروحية الحديثة دعوة هدامة :
_bتحضير الأرواح وصلته بالصهيونية العالمية /
250 _aط6
264 1 _aبيروت :
_bمؤسسة الرسالة،
_c1988.
300 _a95 ص
650 1 7 _aتحضير الأرواح
942 _2ddc
_cBK
999 _c65129
_d65129